00363nam a2200109Ia 4500008004100000041000800041100001600049245011100065260003700176300000900213700003100222250110s9999 xx 000 0 und d aeng aPatil Pooja aHeritage Plaza For Raigad Fort : Synergizing Space Energizing Masses Re Establishing The Traditional Ethos bFinal Year B.Arch ID, Punec2014 a119p aGuide Name:Murugkar Kavita